000 00312nam a22001337a 4500
999 _c531592
_d531592
003 NUST
038 _awaseem
082 _a913.3803
_bBOW
100 _aBowra, C.M.
_924476
245 _aClassical Greece /
_cC.M. Bowra
260 _aNew York :
_bTime Incorporated,
_c1965.
300 _a192 p. ;
942 _2ddc
_cBK